00615nam a2200181Ia 4500082001700000245010600017260005900123300001300182650002700195650002900222650002000251650002700271650002500298650001900323650005900342700001700401700001500418 a025.04 PAR-; 0aBridging the divide: perspectives of an information professional:selected works of Prof.Harsha Parekh aMumbaibSHPT School of Library Science Past Studc2003 ax, 310p. aInformation scientists aInformation organization aWomen's studies aDigital communications aKnowledge management aFemale studies aInformation storage and retrieval systems - Management aSen, Bharati aJani, Nila